| 000 | 01261nmm a2200349 a 4500 | ||
|---|---|---|---|
| 001 | ocm000709000 | ||
| 003 | TR-IsHL | ||
| 005 | 20201028142840.0 | ||
| 008 | 140118s2010 tu tur | ||
| 007 | cr cn | ||
| 020 | _a9789758683864 | ||
| 035 |
_a709000 _b(N$T) |
||
| 050 | 0 | 4 |
_aCT1908.G893 _bA3 2010 |
| 090 | 0 | 4 |
_aCT1908.G893 _bA3 2010 |
| 100 | 1 | _aGüzel, M. Şehmus | |
| 245 | 1 | 0 |
_aErgani yürüyor: anılar _h[electronic resource] / _cM. Şehmus Güzel |
| 260 |
_aİstanbul : _bTÜSTAV, _c2010 |
||
| 300 | _a46 p. | ||
| 650 | 4 | _aPolitika ve Uluslararası İlişkiler | |
| 650 | 4 | _aPolitics and International Relations | |
| 650 | 0 | _aGüzel, M. Şehmus. | |
| 650 | 0 |
_aSocialists _xTurkey _xBiography. |
|
| 650 | 0 |
_aSocial action _xErgani (Diyarbakır, Turkey) |
|
| 650 | 0 |
_aSocial movements _xErgani (Diyarbakır, Turkey) |
|
| 650 | 0 |
_aTraffic accidents _xErgani (Diyarbakır, Turkey) |
|
| 650 | 0 |
_aErgani (Diyarbakır, Turkey) _xHistory. |
|
| 650 | 0 |
_aTurkey _xBiography. |
|
| 650 | 0 |
_aTurkey _xHistory _xCoup d'etat, 1971. |
|
| 650 | 0 |
_aTurkey _xPolitics and government _x1960-1980. |
|
| 650 | 7 |
_aPOLITICAL SCIENCE / Essays _2bisacsh |
|
| 856 | 4 | 0 | _uhttp://search.ebscohost.com/login.aspx?direct=true&scope=site&db=e011xww&AN=709000 |
| 999 |
_c8579 _d8579 |
||